000 00221nam a22000857a 4500
008 161108b xxu||||| |||| 00| 0 eng d
100 _91096
_aBlyton.E.
245 _aFive on Kirrin Island again-6
260 _aLondon
_bHodder
_c2004
999 _c3757
_d3757